The Devin Townsend Quiz - Statistics

General Stats
  • This quiz has been taken 24 times
  • The average score is 11 of 15
Answer Stats
Question Answer % Correct
Devin's home country Canada
95%
First Devin Townsend Project Album Ki
95%
Band with Jed Simon, Byron Stroud and Gene Hoglan Strapping Young Lad
95%
Coffee loving alien Ziltoid
95%
Third Devin Townsend Project Album Deconstruction
90%
Fourth Devin Townsend Project Album Ghost
90%
Second Devin Townsend Project Album Addicted
85%
Debut 'Solo' Album Ocean Machine
85%
2019 'Solo' album Empath
80%
Band with Che Dorval Casualties of Cool
75%
London venue where the Devin Townsend Project performed Z2 The Royal Albert Hall
75%
In which city in Bulgaria did the Devin Townsend Project play at The Ancient Theatre? Plovdiv
70%
Camden roundhouse performance Retinal Circus
50%
Project with Jason Newsted IR8
30%
His homeplanet Ziltoidia 9
30%
No matching quizzes found
Score Distribution
Percent of People with Each Score
Percentile by Number Answered
Your Score History
You have not taken this quiz